[Event "CRI-ch"]
[Site "San Jose"]
[Date "2024.01.07"]
[Round "3"]
[White "Rodriguez Arrieta, Maria Elena"]
[Black "Villegas Rodriguez, Jeremy"]
[Result "1/2-1/2"]
[WhiteElo "1915"]
[BlackElo "1579"]
[PlyCount "70"]
[EventDate "2024.01.06"]
[EventType "swiss"]
[EventRounds "9"]
[EventCountry "CRI"]
[SourceTitle "CB05_2024"]
[SourceDate "2024.01.31"]
[SourceVersion "1"]
[SourceVersionDate "2024.01.31"]
[SourceQuality "1"]

1. e4 e6 2. d3 d5 3. Nd2 c5 4. Ngf3 Nc6 5. g3 g6 6. Bg2 Bg7 7. 0-0 Nge7 8. Re1 0-0 9. c3 b6 10. e5 Bb7 11. Nf1 Qc7 12. Bf4 d4 13. c4 a6 14. h4 b5 15. Rc1 bxc4 16. dxc4 Rad8 17. N1d2 Nb4 18. Qb3 Nbc6 19. Bf1 d3 20. a3 Nd4 21. Qd1 Nc2 22. Rxc2 dxc2 23. Qxc2 Nc6 24. Ne4 Nd4 25. Nxd4 Bxe4 26. Nxe6 fxe6 27. Rxe4 Qd7 28. Re1 Qd4 29. Bh3 Rfe8 30. Bg4 Qd7 31. Rd1 Qc6 32. Rxd8 Rxd8 33. h5 gxh5 34. Bxh5 Rd4 35. Be3 Qe4 1/2-1/2

[Event "Iberoamerican-ch 9th"]
[Site "Panama City"]
[Date "2023.11.28"]
[Round "5"]
[White "Ramos Espinoza, Efren Andres"]
[Black "Rodriguez Arrieta, Maria Elena"]
[Result "0-1"]
[WhiteElo "2170"]
[BlackElo "1875"]
[PlyCount "118"]
[EventDate "2023.11.25"]
[EventType "swiss"]
[EventRounds "9"]
[EventCountry "PAN"]
[SourceTitle "CB49_2023"]
[SourceDate "2023.12.06"]
[SourceVersion "1"]
[SourceVersionDate "2023.12.06"]
[SourceQuality "1"]

1. e4 e5 2. Nf3 Nc6 3. Bc4 Bc5 4. d3 Nf6 5. Nc3 d6 6. Na4 Bb6 7. a3 h6 8. c3 Be6 9. Nxb6 axb6 10. Bxe6 fxe6 11. 0-0 0-0 12. b4 Qe7 13. h3 Qf7 14. Be3 Ne7 15. Nd2 Ng6 16. d4 exd4 17. cxd4 e5 18. Qc2 exd4 19. Bxd4 Nf4 20. Be3 Ng6 21. Rfc1 Ne8 22. Qc4 Qxc4 23. Nxc4 Rf7 24. a4 Re7 25. f3 Nf6 26. Bd4 Nh5 27. b5 Nhf4 28. Re1 Nh4 29. Ra3 Nhxg2 30. Rd1 Nh4 31. Kh2 Ne6 32. Bf2 Ng6 33. a5 bxa5 34. b6 Ne5 35. Nxe5 dxe5 36. Rd5 Nf4 37. Rdxa5 Rxa5 38. Rxa5 cxb6 39. Bxb6 Kf7 40. Be3 g5 41. h4 Kg6 42. Rb5 Kh5 43. hxg5 hxg5 44. Bxf4 gxf4 45. Kh3 Kg5 46. Rb6 Rh7+ 47. Kg2 Rc7 48. Re6 Rc5 49. Kh3 b5 50. Rb6 Rc3 51. Rxb5 Rxf3+ 52. Kg2 Rg3+ 53. Kf2 Kf6 54. Rb6+ Ke7 55. Rb5 Kd6 56. Rd5+ Ke6 57. Ra5 Re3 58. Ra6+ Kd7 59. Ra4 Kc6 0-1

[Event "Olympiad Women-44"]
[Site "Chennai"]
[Date "2022.08.07"]
[Round "9.3"]
[White "Rodriguez Arrieta, Maria Elena"]
[Black "Mahmoud, Roula"]
[Result "1-0"]
[WhiteElo "1849"]
[BlackElo "1765"]
[PlyCount "121"]
[EventDate "2022.07.29"]
[EventType "team-swiss"]
[EventRounds "11"]
[EventCountry "IND"]
[SourceTitle "CBM 210"]
[Source "ChessBase"]
[SourceDate "2022.10.31"]
[SourceVersion "1"]
[SourceVersionDate "2022.10.31"]
[SourceQuality "1"]
[WhiteTeam "Costa Rica (W)"]
[BlackTeam "Syria (W)"]
[WhiteTeamCountry "CRI"]
[BlackTeamCountry "SYR"]

1. e4 c5 2. Nf3 Nc6 3. Bb5 e6 4. Bxc6 bxc6 5. 0-0 d5 6. d3 Nf6 7. Nbd2 Be7 8. Qe2 0-0 9. Re1 Ba6 10. b3 Qc7 11. Bb2 Nd7 12. h3 Bf6 13. Bxf6 Nxf6 14. e5 Nd7 15. Ng5 h6 16. Ngf3 Rab8 17. a3 Qa5 18. Nf1 Qc3 19. Ng3 c4 20. dxc4 Nc5 21. Red1 dxc4 22. b4 Na4 23. Rdb1 f5 24. exf6 Qxf6 25. Ne4 Qf4 26. Re1 Rbd8 27. Qe3 Qc7 28. Rad1 Bc8 29. Rd4 Nb6 30. Nc5 Rde8 31. Re4 Nd5 32. Qd4 Nf4 33. Ne5 g5 34. Qxc4 Rf6 35. Ncd3 Nxd3 36. Nxd3 Ref8 37. R1e2 Kg7 38. Nc5 Qb6 39. Qd4 e5 40. Rxe5 Qb5 41. Re7+ Kg8 42. c4 Qb6 43. Qc3 Qd8 44. Rxa7 Qd1+ 45. Re1 Qh5 46. Ree7 Qd1+ 47. Kh2 Qd6+ 48. Qg3 Rd8 49. Qxd6 Rfxd6 50. Re2 h5 51. Rae7 g4 52. Re8+ Kf7 53. Rxd8 Rxd8 54. hxg4 hxg4 55. Kg3 Kf6 56. a4 Rd4 57. Rc2 Ke5 58. a5 Kd6 59. a6 Kc7 60. a7 Bb7 61. Ne6+ 1-0

[Event "Olympiad Women-44"]
[Site "Chennai"]
[Date "2022.07.31"]
[Round "3.3"]
[White "Cadeau, Merisena"]
[Black "Rodriguez Arrieta, Maria Elena"]
[Result "0-1"]
[WhiteElo "1439"]
[BlackElo "1849"]
[PlyCount "76"]
[EventDate "2022.07.29"]
[EventType "team-swiss"]
[EventRounds "11"]
[EventCountry "IND"]
[SourceTitle "CBM 210"]
[Source "ChessBase"]
[SourceDate "2022.10.31"]
[SourceVersion "1"]
[SourceVersionDate "2022.10.31"]
[SourceQuality "1"]
[WhiteTeam "Haiti (W)"]
[BlackTeam "Costa Rica (W)"]
[WhiteTeamCountry "HAI"]
[BlackTeamCountry "CRI"]

1. e4 e5 2. Nf3 Nc6 3. Bc4 Bc5 4. Nc3 Nf6 5. d3 d6 6. Bg5 h6 7. Bh4 Be6 8. Bb3 a6 9. Nd5 Bxd5 10. Bxd5 g5 11. Bxc6+ bxc6 12. Bg3 Rb8 13. Rb1 h5 14. h4 g4 15. Nd2 Qe7 16. Rf1 Qe6 17. Nb3 Bb6 18. Qe2 Rg8 19. f3 gxf3 20. Qxf3 Ng4 21. c3 Ne3 22. Rf2 Qg6 23. d4 Qxg3 24. Qxf7+ Kd8 25. Qf6+ Kc8 26. Ke2 Ng4 27. Qf5+ Kb7 28. Rf3 Qxg2+ 29. Kd3 c5 30. Nd2 cxd4 31. Nc4 Ne3 32. Nxe3 dxe3 33. a4 Qd2+ 34. Kc4 e2 35. Rd3 e1Q 36. Rxe1 Qxe1 37. Qxh5 Qxe4+ 38. Rd4 exd4 0-1

[Event "American Continental 16th"]
[Site "San Salvador"]
[Date "2022.05.09"]
[Round "10"]
[White "Guevara Sanchez, Erick Marvin"]
[Black "Rodriguez Arrieta, Maria Elena"]
[Result "1-0"]
[WhiteElo "2090"]
[BlackElo "1831"]
[PlyCount "57"]
[EventDate "2022.05.02"]
[EventType "swiss"]
[EventRounds "11"]
[EventCountry "ESA"]
[SourceTitle "CBM 208 Extra"]
[Source "ChessBase"]
[SourceDate "2022.07.31"]
[SourceVersion "1"]
[SourceVersionDate "2022.07.31"]
[SourceQuality "1"]

1. c4 Nf6 2. Nc3 e6 3. e4 d5 4. e5 d4 5. exf6 dxc3 6. fxg7 cxd2+ 7. Qxd2 Qxd2+ 8. Bxd2 Bxg7 9. 0-0-0 Bd7 10. Be2 Bc6 11. Bf3 Bxf3 12. Nxf3 Nd7 13. Bg5 Bf6 14. Bxf6 Nxf6 15. Ne5 Rg8 16. g3 h5 17. f3 Ke7 18. Rd3 Rad8 19. Rb3 Rb8 20. Rd1 Rgc8 21. g4 hxg4 22. fxg4 Rg8 23. g5 Ne4 24. Rd7+ Ke8 25. Rxf7 Rxg5 26. Rbf3 Rg1+ 27. Kc2 Rg2+ 28. Kd3 Nc5+ 29. Kd4 1-0

[Event "American Continental 16th"]
[Site "San Salvador"]
[Date "2022.05.05"]
[Round "5"]
[White "Rodriguez Arrieta, Maria Elena"]
[Black "Barrera Meza, Carlos"]
[Result "1/2-1/2"]
[WhiteElo "1831"]
[BlackElo "2143"]
[PlyCount "91"]
[EventDate "2022.05.02"]
[EventType "swiss"]
[EventRounds "11"]
[EventCountry "ESA"]
[SourceTitle "CBM 208 Extra"]
[Source "ChessBase"]
[SourceDate "2022.07.31"]
[SourceVersion "1"]
[SourceVersionDate "2022.07.31"]
[SourceQuality "1"]

1. e4 e5 2. Nf3 Nc6 3. Bb5 f5 4. Nc3 fxe4 5. Nxe4 Nf6 6. Nxf6+ Qxf6 7. Qe2 Be7 8. Bxc6 dxc6 9. Nxe5 Bf5 10. d4 0-0-0 11. Be3 Bd6 12. f4 c5 13. 0-0-0 Qe6 14. d5 Qe7 15. Bf2 g5 16. g3 Rde8 17. Rhe1 Qg7 18. Qc4 gxf4 19. gxf4 Qh6 20. Kb1 Qxh2 21. Bxc5 Qxc2+ 22. Qxc2 Bxc2+ 23. Kxc2 Bxc5 24. Nd3 Rxe1 25. Rxe1 Bd6 26. Rh1 h5 27. Ne5 Bxe5 28. fxe5 h4 29. Rh3 Kd7 30. Kc3 c6 31. Kc4 cxd5+ 32. Kxd5 Ke7 33. Kd4 Ke6 34. Ke4 Rh7 35. Kf4 Rh8 36. Ke4 Rh7 37. Kf4 Rc7 38. b3 Rd7 39. Ke4 Rh7 40. Kf4 Rh6 41. Ke4 Rh8 42. Kf4 Rh5 43. Kg4 Rh8 44. Kf4 Rf8+ 45. Ke4 Rh8 46. Kf4 1/2-1/2

[Event "American Continental 16th"]
[Site "San Salvador"]
[Date "2022.05.03"]
[Round "3"]
[White "Rodriguez Arrieta, Maria Elena"]
[Black "Montes Orozco, Miguel Angel"]
[Result "0-1"]
[WhiteElo "1831"]
[BlackElo "2166"]
[PlyCount "116"]
[EventDate "2022.05.02"]
[EventType "swiss"]
[EventRounds "11"]
[EventCountry "ESA"]
[SourceTitle "CBM 208 Extra"]
[Source "ChessBase"]
[SourceDate "2022.07.31"]
[SourceVersion "1"]
[SourceVersionDate "2022.07.31"]
[SourceQuality "1"]

1. e4 e5 2. Nf3 Nc6 3. Bb5 a6 4. Ba4 Nf6 5. 0-0 b5 6. Bb3 Bb7 7. c3 Nxe4 8. Re1 d5 9. d3 Nc5 10. Nxe5 Nxe5 11. Rxe5+ Ne6 12. Nd2 Bd6 13. Re1 0-0 14. Nf3 d4 15. Bxe6 fxe6 16. Ng5 h6 17. Ne4 Qh4 18. g3 Qh3 19. Qe2 Rad8 20. a4 Rf7 21. axb5 axb5 22. Bd2 Bc5 23. cxd4 Bxd4 24. Be3 Bxe3 25. Qxe3 Rdf8 26. Rf1 Rf3 27. Qe2 Bd5 28. Rac1 c6 29. Nc3 Qh5 30. Qc2 R8f6 31. Nxd5 exd5 32. d4 Qg4 33. Rcd1 h5 34. Rd3 h4 35. Rxf3 Qxf3 36. Qc3 h3 37. Qxf3 Rxf3 38. Rd1 Kf7 39. Kf1 Ke6 40. Ke2 Rb3 41. Rd2 Kf5 42. f3 g5 43. Kf2 g4 44. fxg4+ Kxg4 45. Rc2 b4 46. Ke2 Kf5 47. Kf2 Rd3 48. Ke2 Ke4 49. Rxc6 Rb3 50. Rc2 Kxd4 51. Rd2+ Ke4 52. Kf2 Rf3+ 53. Ke2 Re3+ 54. Kf2 d4 55. Kf1 Rf3+ 56. Ke2 d3+ 57. Ke1 Ke3 58. b3 Rf1+ 0-1

[Event "Online Olym Div2 E"]
[Site "Chess.com INT"]
[Date "2020.08.14"]
[Round "1.4"]
[White "Papp, Petra"]
[Black "Rodriguez Arrieta, Maria Elena"]
[Result "1-0"]
[WhiteElo "2335"]
[BlackElo "1905"]
[PlyCount "59"]
[EventDate "2020.08.14"]
[EventType "team-tourn (rapid)"]
[EventRounds "9"]
[EventCountry "USA"]
[SourceTitle "CBM 198"]
[Source "ChessBase"]
[SourceDate "2020.10.31"]
[SourceVersion "1"]
[SourceVersionDate "2020.10.31"]
[SourceQuality "1"]
[WhiteTeam "Hungary"]
[BlackTeam "Costa Rica"]
[WhiteTeamCountry "HUN"]
[BlackTeamCountry "CRI"]

1. e4 e5 2. Nf3 Nc6 3. Bb5 a6 4. Ba4 Nf6 5. 0-0 Be7 6. Re1 b5 7. Bb3 d6 8. c3 0-0 9. h3 Nb8 10. d4 Nbd7 11. Nbd2 Bb7 12. Bc2 Re8 13. Nf1 Bf8 14. Ng3 g6 15. a4 Bg7 16. Bg5 h6 17. Bd2 d5 18. Nxe5 Nxe5 19. dxe5 Rxe5 20. f4 Re8 21. e5 Nd7 22. axb5 axb5 23. Rxa8 Qxa8 24. e6 Nc5 25. exf7+ Kxf7 26. Bxg6+ Kxg6 27. Qh5+ Kh7 28. Rxe8 Qa6 29. Qf7 Qg6 30. Qg8# 1-0

[Event "Cartagena zt 2.3 (Women)"]
[Site "Cartagena"]
[Date "2019.07.16"]
[Round "4"]
[White "Rodriguez Arrieta, Maria Elena"]
[Black "Almanzar Vasquez, Jennifer Maria"]
[Result "1/2-1/2"]
[WhiteElo "1934"]
[BlackElo "1758"]
[PlyCount "80"]
[EventDate "2019.07.14"]
[EventType "swiss"]
[EventRounds "9"]
[EventCountry "COL"]
[SourceTitle "CBM 191 Extra"]
[Source "ChessBase"]
[SourceDate "2019.09.30"]
[SourceVersion "1"]
[SourceVersionDate "2019.09.30"]
[SourceQuality "1"]

1. e4 e5 2. Nf3 Nc6 3. Bb5 a6 4. Ba4 Nf6 5. 0-0 b5 6. Bb3 Be7 7. Re1 d6 8. c3 Na5 9. Bc2 c5 10. d4 Qc7 11. h3 0-0 12. Nbd2 exd4 13. cxd4 Nd7 14. Nf1 Nc6 15. Ne3 Nb6 16. d5 Nd8 17. Nh2 Bg5 18. Nef1 Bxc1 19. Rxc1 f6 20. f4 Nf7 21. Qd3 c4 22. Qg3 Bd7 23. Ng4 Bxg4 24. hxg4 Rfe8 25. Qh3 g6 26. Kf2 Qc5+ 27. Ne3 Ra7 28. Rh1 Nh8 29. Rcd1 b4 30. Kf3 a5 31. Qh4 Rf8 32. Bb1 Na4 33. Qf2 c3 34. b3 Nb2 35. Rc1 a4 36. Qc2 axb3 37. axb3 Re8 38. Rce1 Qd4 39. g3 Rc8 40. Re2 Raa8 1/2-1/2

[Event "CRI-ch (Women)"]
[Site "San Jose"]
[Date "2019.01.15"]
[Round "5"]
[White "Rodriguez Arrieta, Maria Elena"]
[Black "Gamboa Alvarado, Olga Leticia"]
[Result "1/2-1/2"]
[WhiteElo "1948"]
[BlackElo "1920"]
[PlyCount "75"]
[EventDate "2019.01.10"]
[EventType "tourn"]
[EventRounds "9"]
[EventCountry "CRI"]
[SourceTitle "CBM 189 Extra"]
[Source "ChessBase"]
[SourceDate "2019.06.03"]
[SourceVersion "1"]
[SourceVersionDate "2019.06.03"]
[SourceQuality "1"]

1. e4 d6 2. d4 Nf6 3. Nc3 g6 4. Nf3 Bg7 5. Be2 c6 6. a4 b6 7. h3 Bb7 8. 0-0 0-0 9. Be3 Nbd7 10. e5 dxe5 11. dxe5 Nd5 12. Nxd5 cxd5 13. e6 fxe6 14. Ng5 Rf6 15. Bg4 Nf8 16. Bd4 Qd6 17. Re1 Rf4 18. Bxg7 Kxg7 19. Nxe6+ Nxe6 20. Rxe6 Qc5 21. Qe2 Re4 22. Rxe4 dxe4 23. Rd1 Bc6 24. b3 Rf8 25. Qe3 Rf6 26. Qxc5 bxc5 27. Bd7 Bb7 28. Kf1 Rd6 29. Ke2 Kf6 30. g3 Ke5 31. h4 a5 32. Bb5 Bc8 33. Rd2 Be6 34. Ke3 Rd4 35. Be2 Bd5 36. Bd1 Be6 37. c3 Rd6 38. Rxd6 1/2-1/2

[Event "Olympiad Women-43"]
[Site "Batumi"]
[Date "2018.09.28"]
[Round "5.37"]
[White "Guindy, Esmat Susanne"]
[Black "Rodriguez Arrieta, Maria Elena"]
[Result "1-0"]
[WhiteElo "2157"]
[BlackElo "1943"]
[PlyCount "147"]
[EventDate "2018.09.24"]
[EventType "team-swiss"]
[EventRounds "11"]
[EventCountry "GEO"]
[SourceTitle "EXT 2020"]
[Source "ChessBase"]
[SourceDate "2019.10.17"]
[SourceVersion "1"]
[SourceVersionDate "2019.10.17"]
[SourceQuality "1"]
[WhiteTeam "Denmark (W)"]
[BlackTeam "Costa Rica (W)"]
[WhiteTeamCountry "DEN"]
[BlackTeamCountry "CRI"]

1. c4 e6 2. Nf3 Nf6 3. g3 d5 4. d4 Be7 5. Bg2 0-0 6. 0-0 Nbd7 7. Qc2 c6 8. b3 b6 9. Re1 Bb7 10. Nc3 Rc8 11. e4 dxe4 12. Nxe4 Nxe4 13. Qxe4 Nf6 14. Qc2 c5 15. dxc5 Bxc5 16. Bb2 Re8 17. Bc3 Be7 18. Rad1 Qc7 19. Be5 Qc5 20. Bd4 Qc7 21. Qb2 Bc6 22. Re5 Qb7 23. Nh4 Bxg2 24. Nxg2 Red8 25. Rde1 Rd7 26. Nf4 Rcd8 27. Bc3 Ng4 28. R5e2 Bf6 29. Nh5 Bxc3 30. Qxc3 f6 31. Rxe6 Ne5 32. Rxf6 Rd1 33. Qxe5 Rxe1+ 34. Qxe1 gxf6 35. Qe6+ Qf7 36. Nxf6+ Kg7 37. Qg4+ Qg6 38. Nh5+ Kg8 39. Qf3 Rf8 40. Qd5+ Qf7 41. Nf4 Qxd5 42. Nxd5 Rd8 43. Kf1 Kf7 44. Ke2 b5 45. Ne3 bxc4 46. Nxc4 Re8+ 47. Kf3 Re1 48. h3 Rh1 49. h4 Re1 50. g4 Rh1 51. h5 Ra1 52. a4 Rc1 53. Ke2 Rg1 54. f4 Rg3 55. Ne3 Rg1 56. b4 Ra1 57. a5 Rb1 58. Nc2 Rb3 59. g5 Rh3 60. Ne3 Rxh5 61. Kd3 Rh1 62. Ke4 Rb1 63. Nd5 Rd1 64. Ke5 Rd2 65. Kd6 Ke8 66. f5 Kf7 67. Kc6 Rg2 68. b5 Rxg5 69. b6 axb6 70. axb6 Rg1 71. b7 Rb1 72. Nb6 Rc1+ 73. Kd6 Rd1+ 74. Ke5 1-0

[Event "Sabadell op-B 10th"]
[Site "Sabadell"]
[Date "2017.09.08"]
[Round "8"]
[White "Morera Campos, Yanori Maria"]
[Black "Rodriguez Arrieta, Maria Elena"]
[Result "1/2-1/2"]
[WhiteElo "1887"]
[BlackElo "1950"]
[PlyCount "30"]
[EventDate "2017.09.01"]
[EventType "swiss"]
[EventRounds "9"]
[EventCountry "ESP"]
[SourceTitle "EXT 2019"]
[Source "ChessBase"]
[SourceDate "2018.10.10"]
[SourceVersion "1"]
[SourceVersionDate "2018.10.10"]
[SourceQuality "1"]

1. e4 e5 2. Nf3 Nc6 3. Bb5 a6 4. Bxc6 dxc6 5. d4 exd4 6. Qxd4 Qxd4 7. Nxd4 c5 8. Nf3 Bd7 9. Nc3 0-0-0 10. Bf4 Ne7 11. 0-0-0 f6 12. Nd5 Nxd5 13. Rxd5 Bc6 14. Rxd8+ Kxd8 15. Rd1+ Kc8 1/2-1/2